000 00465nam a22001937a 4500
003 LK-CoMWRAF
005 20231114233937.0
008 231114b |||||||| |||| 00| 0 eng d
020 _a0883444739
040 _aLK-CoMWRAF
_dLK-CoMWRAF
_eLK-CoMWRAF
041 _aeng
082 _a294.34
_bKOY
100 _aKoyama, Kosuke
245 _aThree miles an hour God
260 _aLondon :
_bSCM press
_c1979
300 _a208p
650 _aMeditations
942 _cBK
999 _c4084
_d4084